| 000 | 00837nam a2200253 a 4500 | ||
|---|---|---|---|
| 001 | BRCA_1792 | ||
| 005 | 20190320203543.0 | ||
| 008 | 940419s1993 mx-a---##b---f000-0#spa-# | ||
| 020 | _a9686285814 | ||
| 040 |
_aDLC _cDLC |
||
| 050 | 4 |
_aUG416 _b.O78 1993 |
|
| 100 | 1 |
_aOrtiz Lanz, José Enrique _95585 |
|
| 245 | 1 | 0 |
_aArquitectura militar de México _cJosé Enrique Ortiz Lanz ; fotografías de Lourdes Grobet. |
| 260 |
_aMéxico _bSecretaría de la Defensa Nacional _c1993 |
||
| 300 |
_a292 p. _bil. a color _c34 cm. |
||
| 500 | _aIncluye glosario y cronología | ||
| 500 | _aColección Sonia Corcuera de Mancera | ||
| 504 | _aBibliografía : p. 289-292 | ||
| 650 | 1 | 4 |
_aFortificaciones _xHistoria _zMéxico _95586 |
| 651 | 4 |
_aMéxico _xHistoria militar _95587 |
|
| 700 | 1 |
_aGrobet, Lourdes _95588 |
|
| 902 | _aDSC | ||
| 942 |
_2lcc _cB |
||
| 999 |
_c1574 _d1574 |
||